| 000 | 00658nam a2200181 i 4500 | ||
|---|---|---|---|
| 001 | 64885 | ||
| 003 | ES-MaACL | ||
| 005 | 20230906165237.0 | ||
| 007 | t| | ||
| 008 | 040107s1939 xxk ||||1| eng d | ||
| 100 | 1 |
_aFortescue-Brickdale, Charles. _951853 |
|
| 245 | 1 | 4 |
_aThe land registratios act, 1925 / _cby Brickdale and Stweart-Wallace ; with the land registrations act, 1936. the land registration rules, 1925, 1930 and 1936 by John Stewart Stewart-Wallace. |
| 250 | _a4th ed. | ||
| 260 |
_aLondon : _bStevens & Sons, _c1939. |
||
| 300 |
_aXX, 637 p. ; _c25 cm. |
||
| 700 | 1 |
_aStewart-Wallace, Stewart. _9108195 |
|
| 852 |
_aES-MaACL _jC-5560 _bR.26086 |
||
| 999 |
_c64885 _d64885 |
||